| 000 | 00437nam a2200181Ia 4500 | ||
|---|---|---|---|
| 001 | 21121 | ||
| 005 | 20260306172856.0 | ||
| 008 | 260306t2025||||xx |||||||||||||| ||spa|| | ||
| 041 | _aESP | ||
| 082 |
_a344 _bS55 |
||
| 100 |
_aSilva Sánchez, Jesús-María, _eAUT |
||
| 245 | 0 |
_aDerecho penal : _bparte general |
|
| 260 | _c2025 | ||
| 300 |
_a2077 páginas : _c24 cm. |
||
| 650 | _aGEN | ||
| 654 | _aCDE | ||
| 942 |
_cLIB _dJUS _fJUS _2ddc _n |
||
| 999 |
_c21121 _d21121 |
||